000 00650nam a2200277Ia 4500
005 20260324124420.0
008 008 260324s9999 xx 000 0 eng d
020 _a9780203849538
037 _aEBOOK
040 _aCRL
040 _beng
040 _cCRL
041 _2eng
041 _aeng
084 _qCRL
100 _aJanet Staiger; Ann Cvetkovich; Ann Reynolds
_91174066
245 0 _aPolitical Emotions
260 _bTaylor and Francis
260 _c2010
365 _a
365 _b230
856 _uhttp://www.taylorfrancis.com/books/9780203849538
942 _cEBOOK
999 _c1768421
_d1768421